书目信息 |
| 题名: |
新闻最基层
|
|
| 作者: | 蔡美兴 著 | |
| 分册: | ||
| 出版信息: | 北京 人民日报出版社 2019 |
|
| 页数: | 445页 | |
| 开本: | 24cm | |
| 丛书名: | ||
| 单 册: | ||
| 中图分类: | G212-53 | |
| 科图分类: | ||
| 主题词: | 新闻采访--xin wen cai fang--文集 , 新闻编辑--xin wen bian ji--文集 | |
| 电子资源: | ||
| ISBN: | 978-7-5115-5905-0 | |
| 000 | 01052cam0 2200277 45 | |
| 001 | 012001003759 | |
| 005 | 20140114111206.0 | |
| 010 | @a978-7-5115-5905-0@dCNY78.00 | |
| 099 | @aCAL 012019101197 | |
| 100 | @a20190604d2019 em y0chiy50 ea | |
| 101 | 0 | @achi |
| 102 | @aCN@b110000 | |
| 105 | @ay z 000yy | |
| 106 | @ar | |
| 200 | 1 | @a新闻最基层@Axin wen zui ji ceng@e县域党报采编业务探微@f蔡美兴著 |
| 210 | @a北京@c人民日报出版社@d2019 | |
| 215 | @a445页@d24cm | |
| 314 | @a蔡美兴, 嘉兴日报社平湖分社副社长。 | |
| 330 | @a本书为作者新闻工作随笔集, 包括审稿日志、采访稿、编辑编稿组版、新闻标题制作、新闻图片拍摄、新闻业务管理等内容, 涉及县域党报新闻采编的方方面面。内容包括: 会议报道用心做 ; 网上得来终觉浅 ; 民生调查稿要做透等。 | |
| 517 | 1 | @a县域党报采编业务探微@Axian yu dang bao cai bian ye wu tan wei |
| 606 | 0 | @a新闻采访@Axin wen cai fang@j文集 |
| 606 | 0 | @a新闻编辑@Axin wen bian ji@j文集 |
| 690 | @aG212-53@v5 | |
| 701 | 0 | @a蔡美兴@Acai mei xing@4著 |
| 801 | @b江苏凤凰@c20191020 | |
| 905 | @b1236989-94@dG212-53@e852@f6 | |
| 新闻最基层:县域党报采编业务探微/蔡美兴著.-北京:人民日报出版社,2019 |
| 445页;24cm |
| ISBN 978-7-5115-5905-0:CNY78.00 |
| 本书为作者新闻工作随笔集, 包括审稿日志、采访稿、编辑编稿组版、新闻标题制作、新闻图片拍摄、新闻业务管理等内容, 涉及县域党报新闻采编的方方面面。内容包括: 会议报道用心做 ; 网上得来终觉浅 ; 民生调查稿要做透等。 |
| ● |
| 相关链接 |
|
|
|
|
正题名:新闻最基层
索取号:G212-53/852
 
预约/预借
| 序号 | 登录号 | 条形码 | 馆藏地/架位号 | 状态 | 备注 |
| 1 | 1236989 | 212369890 | 第一样本阅览室/ [索取号:G212-53/852] | 在馆 | |
| 2 | 1236990 | 212369907 | 教育系资料室/ [索取号:G212-53/852] | 在馆 | |
| 3 | 1236991 | 212369916 | 教育系资料室/ [索取号:G212-53/852] | 在馆 | |
| 4 | 1236992 | 212369925 | 第四借阅区/ [索取号:G212-53/852] | 在馆 | |
| 5 | 1236993 | 212369934 | 第四借阅区/ [索取号:G212-53/852] | 在馆 | |
| 6 | 1236994 | 212369943 | 第四借阅区/ [索取号:G212-53/852] | 在馆 |